000
00262nam a22001097a 4500
040
_c
SK
082
_a
574
100
_a
អប់រំ
245
_a
ជីវវិទ្យា
260
_a
ក្រសួងអប់រំ
_b
អប់រំ
_c
2001
942
_c
KB
999
_c
10237
_d
10237